000 00500nam a2200157 i 4500
001 182893
003 ES-MaACL
005 20230906221737.0
008 131127s1923 xxu |||| | eng d
100 1 _aWithers, Alfred Miles.
_9153894
245 1 4 _aThe sources of the poetry of Gutierre de Cetina /
_cby Alfred Miles Withers...
260 _aPhiladelphia :
_b[Westbrock Publishing Co.],
_c1923.
300 _a92 p. ;
_c24 cm.
600 0 4 _aCetina, Gutierre de.
_937701
852 _aES-MaACL
_jF-6848
999 _c182893
_d182893